[Event "RUS-chT B1 corr"]
[Site "Russia"]
[Date "1996.??.??"]
[Round "?"]
[White "Maksimov, Yury Ivanovich"]
[Black "Bobrov, Igor E"]
[Result "0-1"]
[WhiteElo "2385"]
[BlackElo "2426"]
[PlyCount "78"]
[EventDate "1996.??.??"]
[EventType "team-tourn (corr)"]
[EventRounds "18"]
[EventCountry "RUS"]
[SourceTitle "Corr 2011"]
[Source "ChessBase"]
[SourceDate "2010.08.31"]
[SourceVersion "1"]
[SourceVersionDate "2010.08.31"]
[SourceQuality "1"]

1. e4 e5 2. Nf3 Nc6 3. Bb5 a6 4. Ba4 Nf6 5. 0-0 Be7 6. Re1 b5 7. Bb3 0-0 8. d3 d6 9. c3 Na5 10. Bc2 c5 11. Nbd2 Bb7 12. Nf1 Re8 13. Ng3 Bf8 14. d4 cxd4 15. cxd4 exd4 16. Nxd4 g6 17. a4 b4 18. b3 Bg7 19. Bb2 Rc8 20. Qd2 Ng4 21. h3 Ne5 22. Rab1 Qb6 23. Nde2 Qc5 24. Bd1 Nec4 25. bxc4 Nxc4 26. Qc2 Nxb2 27. Rxb2 Qe5 28. Rxb4 Rxc2 29. Bxc2 Qc5 30. Rxb7 Qxc2 31. Rc1 Qxa4 32. Rcc7 Qa2 33. Nc1 Qd2 34. Nb3 Qe1+ 35. Nf1 Bc3 36. f3 a5 37. Rxf7 a4 38. Nbd2 a3 39. f4 Rf8 0-1